000 00927nas a2200301 4500
001 BR2014004715
003 BR-BrBNA
005 20231205124311.0
007 ta
008 230509b bl.|||p| |||| 00| 00por d
040 _aBR-BrBNA
_bpor
_cBiblioteca Nacional de Agricultura
041 _a(Pt)
072 _aQ54; L01; L02
100 1 _aAbreu, E.M.A. de
100 1 _aFernandes, A.R.
100 1 _aMartins, A.R.A.
100 1 _aRodrigues,T.E.
245 1 _aProdução de forragem e valor nutritivo de espécies forrageiras sob condições de pastejo, em solo de várzea baixa do rio Guamá
650 _aBUFÁLO
650 _aBOVINO
650 _aFORRAGEM
650 _aVALOR NUTRITIVO
650 _aPASTEJO
650 _aMACRONUTRIENTE
773 0 _tActa Amazônica (Brazil)
_xISSN 0044-5967
_g(Mar 2006), v.36(1) p. 11-18
_wBR2014004715
909 _a202311
_bLúcia
_c55
_dLúcia Elande
942 _2AGRIS
_n0
_cANA
999 _c238357
_d238357